00515 2200205 4500001002100000005001500021035002000036007000300056008004100059020001800100082001000118084001700128100001700145245004100162260003600203300002800239650001600267504001600283990001000299INLIS00000000000200020250303105336 a0010-0325000033ta250303 g 1 ind  a979-407-356-3 aF/813 aF/813 DJU s0 aDjumri Obeng1 aSuku Dayak' :bFiksi /cDjumri Obeng aJakarta :bBalai Pustaka,c1995 a38 hlm :bilus ;c21 Cm 4aSuku Dayak' aBibliografi a03737